Statistics for Остановки на Рязанском направлении МЖД

Click here to take the quiz!

General Stats

  • This quiz has been taken 10 times
  • The average score is 46 of 71

Answer Stats

Answer% Correct
Москва-Пассажирская-Казанская
100%
Воскресенск
100%
Рязань-Сортировочная
100%
Голутвин
100%
Коломна
100%
Рязань I
100%
Рязань II
100%
Электрозаводская
90%
Луховицы
90%
Выхино
90%
Рыбное
90%
Бронницы
90%
Белоозёрский
90%
88 км
90%
Раменское
80%
Ипподром
80%
Перово
80%
Ухтомская
80%
Косино
80%
Люберцы I
80%
Москворецкая
70%
Цемгигант
70%
Конобеево
70%
Загорново
70%
Вешняки
70%
Фруктовая
70%
Фабричная
70%
Отдых
70%
Сортировочная
70%
Недостоево
70%
Дягилево
70%
Лагерный
70%
Панки
70%
Трофимово (84 км)
70%
Пески
60%
Депо
60%
Шиферная
60%
Виноградово
60%
Удельная
60%
Совхоз
60%
Золотово
60%
Быково
60%
Томилино
60%
Фаустово
60%
189 км
60%
Малаховка
50%
Красково
50%
Ильинская
50%
Ходынино
50%
Кратово
50%
Истодники
50%
Дивово
50%
Слёмы
50%
Алпатьево
50%
Есенинская
50%
Подлипки
50%
Щурово
50%
Авиамоторная
50%
Андроновка
50%
Радуга
50%
Плющево
50%
187 км
50%
63 км
50%
Хорошёво
40%
Конев Бор
40%
Павловский Пост
40%
113 км
40%
142 км
40%
Чёрная
30%
Перочи
10%
132 км
10%

Score Distribution

Percentile by Number Answered

Percent of People with Each Score

Your Score History

You have not taken this quiz